000 00516nam a2200145Ia 4500
003 SGT
020 _a9780070648111
082 _a621.38
_bTAU
245 _aTaub's Principles of communication systems
250 _a3rd Ed.
260 _bTata McGraw Hill Education Private Limited
_aNew Delhi
_c2009
650 _aELECTRONICS ENGINEERING
653 _aINTRODUCTION: SIGNAL AND SPECTRA,RANDOM VARIABLES AND PROCESSES,AMPLITUDE-MODULATION SYSTEMS,ANGLE MODULATION,DIGITAL MODULATION AND TRANSMISSION,
942 _cBK
_2ddc
_01
999 _c5412
_d5412